000 00988nam a22002537a 4500
999 _c6596
_d6596
003 AR-CdUCM
008 190318b ||||| |||| 00| 0 spa d
040 _aMUNICIPALIDAD PROVINCIAL DEL CUSCO
_cBIBLIOTECA MUNICIPAL DEL CUSCO
082 _a918.5 /
_bM62
100 _aMiddendorf, Ernst W
_918562
245 _aPerú :
_bobservaciones y estudios del país y sus habitantes durante una permanencia de 25 años /
_cE.W. Middendorf ; [traducción de Ernesto More].
260 _aLima :
_bUniversidad Nacional Mayor de San Marcos,
_c1973.
300 _a3 tomos. :
_bilustraciones, mapas, planos ;
_c25 cm.
500 _zIncluye referencias bibliográficas.
505 _aContenido: t.1. Lima -- t.2. La costa -- t.3. La sierra
650 _aDescripciones y viajes
_9497
650 _aCosta peruana
_9240
650 _aSierra peruana
_91062
650 _aNorte peruano
_918563
650 _aPerú
_935
700 _aMore, Ernesto (traductor)
_918564
942 _2ddc
_cLIBROS
945 _arah